000 00463nam a2200121Ia 4500
008 220615s9999||||xx |||||||||||||| ||und||
245 0 _aAgency and Causal Explanation in Economics
546 _aEnglish[eng]
650 _aPhilosophy||Ontology||Economic history||Ethnology||Philosophy and social sciences||Sociology
700 _aRóna, Peter||Zsolnai, László
856 _uhttps://library.oapen.org/bitstream/20.500.12657/23006/1/1007155.pdf
942 _cEB
999 _c18068
_d18068